Southville International School and Colleges
Your cart is empty.
  • Cart
  • Lists
    Public lists Eva Luna New books Lux_list list_1
    Your lists Log in to create your own lists
  • Log in to your account
  • Your cookies
  • Search history
Southville International School and Colleges
  • Advanced search
  • Recent comments
  • Most popular
  • Libraries

Log in to your account

Log in with GOOGLE


If you do not have an external account, but do have a local account, you can still log in:

  1. Home
  2. MARC view: Creative conflict resolution :
Normal view MARC view ISBD view

Creative conflict resolution : (Record no. 695)

[ view plain ]
MARC details
000 -LEADER
fixed length control field 01051nam a2200325 a 4500
001 - CONTROL NUMBER
control field 3793379
003 - CONTROL NUMBER IDENTIFIER
control field OSt
005 - DATE AND TIME OF LATEST TRANSACTION
control field 20140310181636.0
008 - FIXED-LENGTH DATA ELEMENTS--GENERAL INFORMATION
fixed length control field 840817s1984 ilua b 001 0 eng
010 ## - LIBRARY OF CONGRESS CONTROL NUMBER
LC control number 84148900
020 ## - INTERNATIONAL STANDARD BOOK NUMBER
International Standard Book Number 0673156427 (pbk.)
040 ## - CATALOGING SOURCE
Original cataloging agency DLC
Transcribing agency DLC
Modifying agency DLC
050 00 - LIBRARY OF CONGRESS CALL NUMBER
Classification number LB 1537
Item number .K92 1984
082 00 - DEWEY DECIMAL CLASSIFICATION NUMBER
Classification number TR 371.3
Item number Kr89 1984
100 1# - MAIN ENTRY--PERSONAL NAME
Personal name Kreidler, William J.
9 (RLIN) 220
245 10 - TITLE STATEMENT
Title Creative conflict resolution :
Remainder of title more than 200 activities for keeping peace in the classroom /
Statement of responsibility, etc William J. Kreidler.
260 ## - PUBLICATION, DISTRIBUTION, ETC. (IMPRINT)
Place of publication, distribution, etc Glenview, Ill. :
Name of publisher, distributor, etc Scott, Foresman,
Date of publication, distribution, etc c1984.
300 ## - PHYSICAL DESCRIPTION
Extent 216 p. :
Other physical details ill. ;
Dimensions 24 cm.
440 #0 - SERIES STATEMENT/ADDED ENTRY--TITLE
Title Good year education series
9 (RLIN) 221
490 0# - SERIES STATEMENT
Series statement A Good year book
500 ## - GENERAL NOTE
General note Includes indexes.
521 ## - TARGET AUDIENCE NOTE
Target audience note
541 ## - IMMEDIATE SOURCE OF ACQUISITION NOTE
-- 1
541 ## - IMMEDIATE SOURCE OF ACQUISITION NOTE
-- 2
562 ## - COPY AND VERSION IDENTIFICATION NOTE
Number of copies 2
650 #0 - SUBJECT ADDED ENTRY--TOPICAL TERM
Topical term or geographic name as entry element Creative activities and seat work
General subdivision Handbooks, manuals, etc.
9 (RLIN) 222
650 #0 - SUBJECT ADDED ENTRY--TOPICAL TERM
Topical term or geographic name as entry element Classroom management
General subdivision Handbooks, manuals, etc.
9 (RLIN) 223
906 ## - LOCAL DATA ELEMENT F, LDF (RLIN)
a 7
b cbc
c orignew
d 2
e ncip
f 19
g y-gencatlg
942 ## - ADDED ENTRY ELEMENTS (KOHA)
Source of classification or shelving scheme Library of Congress Classification
Koha item type
Call number prefix
Holdings
Withdrawn status Lost status Source of classification or shelving scheme Damaged status Home library Current library Shelving location Date acquired Total Checkouts Full call number Barcode Date last seen Copy number Price effective from Koha item type
    Library of Congress Classification   Luxembourg Library Luxembourg Library Teachers Reference Section 03/20/2012   LB 1537 .K92 1984 2765 08/13/2013 1 10/03/2013 Books
    Library of Congress Classification   Luxembourg Library Luxembourg Library Teachers Reference Section 07/15/2013   LB 1537 .K92 1984 14655 08/13/2013 2 10/03/2013 Books

Creative conflict resolution :

APA

Kreidler W. J., . (1984). Creative conflict resolution. Glenview, Ill: Scott, Foresman.

Chicago

Kreidler William J, . 1984. Creative conflict resolution. Glenview, Ill: Scott, Foresman.

Harvard

Kreidler W. J., . (1984). Creative conflict resolution. Glenview, Ill: Scott, Foresman.

MLA

Kreidler William J, . Creative conflict resolution. Glenview, Ill: Scott, Foresman. 1984.

  • Place hold
  • Print
  • Cite
  • Add to your cart (remove)
  • Save record
    BIBTEX Dublin Core MARCXML MARC (non-Unicode/MARC-8) MARC (Unicode/UTF-8) MARC (Unicode/UTF-8, Standard) MODS (XML) RIS
  • More searches
    Search for this title in:
    Other Libraries (WorldCat) Other Databases (Google Scholar) Online Stores (Bookfinder.com) Open Library (openlibrary.org)

Exporting to Dublin Core...

SOUTHVILLE LIBRARY

Southville International School and Colleges Library

1281 Tropical Ave. Cor. Luxembourg St., BF Homes International, Las Pinas City

Tel. No. 8256374 / 252358 Loc. 117/146

Powered by Koha